|
|
|
|
| LEADER |
00000nam a22000007a 4500 |
| 005 |
20201204105936.0 |
| 007 |
cr|||| |||| |
| 008 |
201204s2014 co |||||s|||| 00||0 spa d |
| 020 |
|
|
|a 978-958-716-753-5
|
| 035 |
|
|
|a 32313
|
| 040 |
|
|
|a vLex
|
| 090 |
|
|
|c 10921
|d 10921
|
| 100 |
1 |
|
|a Guardiola Rivera, Óscar
|
| 245 |
1 |
0 |
|a Cm̤o construir sociedades
|h [Recurso electrn̤ico] :
|b Diez cosas que nunca nos dicen sobre la paz y la guerra /
|c Óscar Guardiola Rivera
|
| 256 |
|
|
|a Servicio en ln̕ea
|
| 260 |
|
|
|a Bogot:̀
|b Pontificia Universidad Javeriana,
|c 2014
|
| 300 |
|
|
|a 1 recurso electrn̤ico
|
| 506 |
1 |
|
|a Disponible solo en los productos indicados
|d vLex Global
|d vLex Global (Academic Edition, excluding Law Schools)
|d vLex Global (U.S. Academic Edition, Law Schools)
|d vLex Global (U.S. Academic Edition, excluding Law Schools)
|d vLex Global (Academic Edition, Law Schools)
|
| 650 |
0 |
4 |
|a Ciencias sociales
|z Colombia
|
| 650 |
0 |
4 |
|a Sociologa̕
|z Colombia
|
| 650 |
0 |
4 |
|a Filosofa̕ y religin̤
|z Colombia
|
| 650 |
0 |
4 |
|a Humanidades
|z Colombia
|
| 740 |
0 |
|
|a vLex Libros (Servicio en ln̕ea)
|
| 856 |
4 |
0 |
|u http://vlex.com/source/como-construir-sociedades-diez-cosas-que-nunca-nos-dicen-sobre-la-paz-y-la-guerra-32313
|z Acceso restringido
|
| 942 |
|
|
|c BOOK
|
| 999 |
0 |
|
|a Social Sciences
|
| 999 |
0 |
|
|a Sociology
|
| 999 |
0 |
|
|a Philosophy and religion
|
| 999 |
0 |
|
|a Humanities
|